003330000a220009700045001100045000002450073000450440013001180410014001316510039001457730051001841 aParques Nacionales Naturales de Colombia10aOrito Ingi Ande, ejemplo actual de la relación sociedad-naturaleza aColombia0 aEspañol 4lSantuario de Flora Orito Ingi Ande1 tRevista colombia amazónicah1q141-153d2008